Îles du golfe du Morbihan sur une carte - Statistiques

Statistiques générales
  • Ce quiz a été pris 164 fois
  • Le résultat moyen est 12 sur 54
Réponses sur la Carte
Les réponses sont colorées sur une échelle allant du rouge au vert en fonction du pourcentage des utilisateurs qui les ont devinées à leur premier essai. Vous pouvez retrouver ces pourcentages ci-dessous.
 
Statistiques - réponses
Îles % Correct
Île aux Moines
93%
Île d'Arz
92%
Île de Berder
43%
Gavrinis
42%
Île de la Jument
40%
Île Ilur
40%
Île Longue
40%
Île de Boëd
34%
Île Tascon
34%
Île Iluric
29%
Île de Boëdic
28%
Île Creïzic
24%
Île Irus
23%
Sept Îles
23%
Île Stibiden
22%
Île Bailleron
21%
Île des Œufs
21%
Île du Charles
20%
Île Godec
20%
Île Govihan
20%
Île Holavre
20%
Er Lannic
19%
Hent Tenn
19%
Île de Mancel
19%
Le Grand Huernic
19%
Conleau
17%
Enézy
17%
Grand Veïzit
17%
Île Brannec
17%
Île de Lerne
17%
Île Trohennec
17%
Corn Bihan
16%
Er Runio
16%
Île Mouchiouse
16%
Île Piren
16%
Île Quistinic
16%
Île Radenec
16%
Îles de Brouel
16%
Le Petit Huernic
16%
Petit Veïzit
16%
Grand Logoden
15%
Île aux Oiseaux
15%
Île Drenec
15%
Inézic
15%
Méaban
15%
Petit Logoden
15%
Île de l'Œuf
14%
Île de la Pointe
13%
Île Pladic
13%
Le Grégan
13%
Penn Bleï
12%
La Dervenn
10%
Île de Béchit
9%
Le Cothy
6%
Aucun quiz correspondant
Distribution des résultats
% des personnes avec chaque résultat
Percentile par nombre de réponses
Votre historique - résultats
Vous n’avez pas pris ce quiz